000 00438nam a2200181Ia 4500
001 16272
005 20260306170257.0
008 260306t2020||||xx |||||||||||||| ||und||
041 _aESP
082 _a347.51
_bU61
110 _aUniversidad de Lima
245 0 _aDerecho corporativo :
_bun mundo sin fronteras
260 _c2020
300 _a773 páginas :
_c27 cm.
650 _aGEN
654 _aCDE
942 _cLIB
_dJUS
_fJUS
_2ddc
_n
999 _c16272
_d16272